00338nam a22000977a 4500082001200000100003500012245011600047260004100163650001500204700002100219 a220 PRO aSHEHRYAR TARIQ, SAUD-UL-KHALID aPR-SOF-1482-Pseudo real-time Diabetes Detection & Analysis using EEG signals and implementation on Raspberry Pi aISLAMABADbNUST COLLEGE OF EMEc2015 aDE-COMP-33 a DR. USMAN AKRAM